Conceptual foundations : (Record no. 2633)

MARC details
000 -LEADER
fixed length control field 00576cam a2200181 i 4500
008 - FIXED-LENGTH DATA ELEMENTS--GENERAL INFORMATION
fixed length control field 190411s2020 moua b 001 0 eng
020 ## - INTERNATIONAL STANDARD BOOK NUMBER
ISBN 9780323551311 (softcover)
100 ## - MAIN ENTRY--AUTHOR
Author Lissayer Tom
245 10 - TITLE STATEMENT
Title Conceptual foundations :
Remainder of title the bridge to professional nursing practice /
Statement of responsibility, etc [edited by] Elizabeth E. Friberg.
250 ## - EDITION STATEMENT
Edition statement Seventh edition.
260 ## - PUBLICATION, DISTRIBUTION, ETC. (IMPRINT)
Place of publication Missouri
Name of publisher Elsevier
Date of publication 2020
300 ## - COLLATION
Pagination xvi, 377 pages :
Other physical details illustrations ;
650 #0 - TRACINGS
Main Subject Nursing
Subdivision (2nd) Practice.
650 #0 - TRACINGS
Main Subject Nursing.
700 1# - ADDITIONAL AUTHOR
Additional Author Friberg, Elizabeth E.,
942 ## - ADDED ENTRY ELEMENTS (KOHA)
Item type Books
050 00 - LIBRARY OF CONGRESS CALL NUMBER
Classification number RT86.7
Item number .C66 2020
Holdings
Source of classification or shelving scheme Not for loan Permanent location Current location Date acquired Accession No. Full call number Barcode. Koha item type
Library of Congress Classification   Medical Library Medical Library 03/24/2025 2024/64321 RT86.7.F75 2025-0921 Books